000 00602nam a2200193 4500
005 20250101110423.0
010 _aENG-142277
020 _c1450.00
_a9788193375921
035 _aEN-125809
037 _bDBAD
082 _a348.710 552
100 _aPandey, Anurag
_975654
245 _aLaw And Practice Of Good And Services Tax/
_cBy Anurag Pandey
250 _aFirst
260 _aNew Delhi
_bSumedha Publishing House
_c2017
270 _aUG-1,Ansal Chamber-1, 3 Bhikaji Cama Place
_bNew Delhi
_e110066
300 _a1459p.
_c24cm(pb)
942 _2ddc
_cEN
_h348.710552
_mPAN
_e2017
999 _c206590
_d206590